000
00283nam a2200109Ia 4500
008
220204s9999 xx 000 0 und d
082
_a
659.3
_b
GER
245
0
_a
Mass media policies changing cultures
260
_a
New York
_b
John Wiley
_c
1977
700
_a
Gerbner, George
942
_c
BK
999
_c
27470
_d
27470